[Event "Kaupthing Open"]
[Site "Differdange LUX"]
[Date "2008.05.16"]
[Round "8"]
[White "Frolyanov, D."]
[Black "Negi, P."]
[Result "1/2-1/2"]
[WhiteElo "2553"]
[BlackElo "2514"]
[PlyCount "43"]
[EventDate "2008.05.10"]
[SourceDate "1999.07.01"]

1. e4 c5 2. Nf3 d6 3. d4 cxd4 4. Nxd4 Nf6 5. Nc3 a6 6. Be2 e5 7. Nb3 Be7 8. O-O
O-O 9. a4 Nc6 10. Bc4 Bg4 11. f3 Be6 12. Nd5 Bxd5 13. Bxd5 Nb4 14. c4 Nfxd5 15.
cxd5 Qb6+ 16. Kh1 Rac8 17. Rb1 Nc2 18. Qd3 Qb4 19. a5 Ne1 20. Qd1 Nc2 21. Qd3
Ne1 22. Qd1 1/2-1/2

[Event "11th IHEM"]
[Site "Hamburg GER"]
[Date "2008.05.13"]
[Round "4"]
[White "Saltaev, M."]
[Black "Adly, A."]
[Result "1/2-1/2"]
[WhiteElo "2500"]
[BlackElo "2578"]
[PlyCount "27"]
[EventDate "2008.05.10"]
[SourceDate "1999.07.01"]

1. e4 c5 2. Nf3 d6 3. d4 Nf6 4. Nc3 cxd4 5. Nxd4 a6 6. Bc4 e6 7. a4 Be7 8. O-O
O-O 9. Ba2 Nc6 10. Kh1 Nb4 11. Bb3 e5 12. Nde2 Be6 13. Nd5 a5 14. c3 1/2-1/2

[Event "11th IHEM"]
[Site "Hamburg GER"]
[Date "2008.05.14"]
[Round "6"]
[White "Parligras, M."]
[Black "Ftacnik, L."]
[Result "1-0"]
[WhiteElo "2561"]
[BlackElo "2542"]
[PlyCount "61"]
[EventDate "2008.05.10"]
[SourceDate "1999.07.01"]

1. e4 c5 2. Nf3 d6 3. d4 cxd4 4. Nxd4 Nf6 5. Nc3 a6 6. Be3 e6 7. f4 b5 8. Qf3
Bb7 9. Bd3 Nbd7 10. g4 b4 11. Nce2 Nc5 12. Ng3 Nfd7 13. O-O-O Qc7 14. Kb1 g6
15. h4 e5 16. Nb3 exf4 17. Nxc5 Ne5 18. Qxf4 dxc5 19. Be2 Bg7 20. h5 Rf8 21.
hxg6 fxg6 22. Nf5 gxf5 23. gxf5 Bf6 24. Rh6 Rd8 25. Bh5+ Rf7 26. Re1 Rd6 27.
Rxh7 Kf8 28. Bxf7 Nxf7 29. Qh6+ Ke8 30. Qg6 Be7 31. Qxf7+ 1-0

[Event "IX EICC"]
[Site "Plovdiv BUL"]
[Date "2008.04.29"]
[Round "8"]
[White "Socko, B."]
[Black "Kokarev, Dm"]
[Result "1-0"]
[WhiteElo "2644"]
[BlackElo "2579"]
[PlyCount "103"]
[EventDate "2008.04.21"]
[SourceDate "1999.07.01"]

1. e4 c5 2. Nf3 d6 3. d4 cxd4 4. Nxd4 Nf6 5. Nc3 a6 6. Be3 e5 7. Nf3 Be7 8. Bc4
O-O 9. O-O Be6 10. Bb3 Nc6 11. Qd3 h6 12. h3 Na5 13. Bxe6 fxe6 14. Na4 b5 15.
Bb6 Qc8 16. Bxa5 bxa4 17. Nd2 Rb8 18. Bc3 Qc6 19. a3 Nh5 20. Qc4 Qxc4 21. Nxc4
Rfc8 22. Ne3 Nf6 23. f3 Bd8 24. Rfd1 Bb6 25. Kf2 Rc6 26. g4 d5 27. Bxe5 Rf8 28.
Ke2 dxe4 29. fxe4 Nxe4 30. Rf1 Nf6 31. c3 Bxe3 32. Kxe3 Nd5+ 33. Ke4 Nf6+ 34.
Kd3 Rf7 35. Bxf6 Rxf6 36. Rxf6 gxf6 37. Re1 Rd6+ 38. Kc2 Kg7 39. Re4 Kg6 40.
Rxa4 e5 41. c4 h5 42. c5 Rc6 43. Rc4 hxg4 44. hxg4 Kf7 45. Kd3 Ke6 46. Ke4 a5
47. b4 axb4 48. axb4 Rc8 49. c6 Rg8 50. Rc1 Kd6 51. Kf5 Kc7 52. Rc4 1-0

[Event "IX EICC"]
[Site "Plovdiv BUL"]
[Date "2008.04.29"]
[Round "8"]
[White "Szabo, Krisz1"]
[Black "Nepomniachtchi, I."]
[Result "1/2-1/2"]
[WhiteElo "2507"]
[BlackElo "2634"]
[PlyCount "47"]
[EventDate "2008.04.21"]
[SourceDate "1999.07.01"]

1. e4 c5 2. Nf3 d6 3. d4 cxd4 4. Nxd4 Nf6 5. Nc3 a6 6. Be3 e5 7. Nb3 Be7 8. f3
Be6 9. Qd2 O-O 10. O-O-O Nbd7 11. g4 b5 12. g5 Nh5 13. Nd5 Bxd5 14. exd5 f5 15.
gxf6 Bxf6 16. Na5 Nf4 17. Nc6 Qc7 18. c4 bxc4 19. Bxc4 Nb6 20. Qa5 Bd8 21. Bb3
Nd7 22. Qd2 Qb7 23. Nxd8 Raxd8 24. Kb1 1/2-1/2

[Event "IX EICC"]
[Site "Plovdiv BUL"]
[Date "2008.04.30"]
[Round "9"]
[White "Parligras, M."]
[Black "Kobalia, M."]
[Result "1-0"]
[WhiteElo "2561"]
[BlackElo "2627"]
[PlyCount "85"]
[EventDate "2008.04.21"]
[SourceDate "1999.07.01"]

1. e4 c5 2. Nf3 d6 3. d4 cxd4 4. Nxd4 Nf6 5. Nc3 a6 6. Be3 Ng4 7. Bg5 h6 8. Bh4
g5 9. Bg3 Bg7 10. h3 Nf6 11. Bc4 b5 12. Bb3 b4 13. Na4 O-O 14. Qd3 e5 15. Ne2
Bd7 16. Qe3 Bxa4 17. Bxa4 Nbd7 18. f3 d5 19. O-O d4 20. Qd2 Rb8 21. Bb3 Ne8 22.
Bf2 Nc5 23. Bd5 Nc7 24. Bc4 Na4 25. Ng3 Qf6 26. Nf5 Rfc8 27. b3 Nc3 28. a3 Bf8
29. axb4 Bxb4 30. Qd3 a5 31. f4 gxf4 32. Bh4 Qg6 33. Rxa5 Re8 34. Ra7 Ne6 35.
Rfa1 Rbc8 36. R1a6 Kh8 37. Kh2 Bc5 38. Rd7 Bf8 39. Raa7 Ra8 40. Rxf7 Rxa7 41.
Rxa7 Nc5 42. Bf7 Qb6 43. Qf3 1-0

[Event "IX EICC"]
[Site "Plovdiv BUL"]
[Date "2008.04.30"]
[Round "9"]
[White "Fedorov, Alex"]
[Black "Steingrimsson, H."]
[Result "1/2-1/2"]
[WhiteElo "2603"]
[BlackElo "2551"]
[PlyCount "100"]
[EventDate "2008.04.21"]
[SourceDate "1999.07.01"]

1. e4 c5 2. Nf3 d6 3. d4 cxd4 4. Nxd4 Nf6 5. Nc3 a6 6. f3 e5 7. Nb3 Be6 8. Be3
Nbd7 9. g4 Nb6 10. g5 Nh5 11. Qd2 Rc8 12. O-O-O Be7 13. Rg1 O-O 14. Kb1 g6 15.
Qf2 Nc4 16. Bxc4 Bxc4 17. Na4 f6 18. Nb6 Rc7 19. Nc5 Bf7 20. Nd3 fxg5 21. Nxe5
Be6 22. Qg2 Nf4 23. Bxf4 Rxf4 24. Nd3 Rf7 25. Nb4 Bf8 26. Rd3 h6 27. N6d5 Rc5
28. Ne3 Bg7 29. Nbd5 Kf8 30. a3 a5 31. Rgd1 b5 32. c3 Be5 33. h4 Kg7 34. Ng4
Bxg4 35. Qxg4 gxh4 36. f4 h5 37. Qg1 Rxd5 38. Rxd5 Bxf4 39. e5 h3 40. Rxd6 Qg5
41. Qxg5 Bxg5 42. Rh1 Rf3 43. a4 bxa4 44. c4 Bf4 45. Rf6 g5 46. c5 Re3 47. Rf5
Kg6 48. Rf6+ Kg7 49. Rf5 Kg6 50. Rf6+ Kg7 1/2-1/2

[Event "IX EICC"]
[Site "Plovdiv BUL"]
[Date "2008.04.30"]
[Round "9"]
[White "Vokarev, S."]
[Black "Dziuba, M."]
[Result "1-0"]
[WhiteElo "2502"]
[BlackElo "2577"]
[PlyCount "61"]
[EventDate "2008.04.21"]
[SourceDate "1999.07.01"]

1. e4 c5 2. Nf3 d6 3. d4 cxd4 4. Nxd4 Nf6 5. Nc3 a6 6. Be2 e5 7. Nb3 Be7 8. Bg5
Nbd7 9. a4 O-O 10. a5 b5 11. axb6 Nxb6 12. O-O Qc7 13. Bd3 Rd8 14. Qe2 Bg4 15.
f3 Be6 16. Na5 d5 17. exd5 Nbxd5 18. Nxd5 Nxd5 19. Bxe7 Nxe7 20. Kh1 Nd5 21. g3
Nf6 22. Bc4 Bf5 23. Bd3 Bxd3 24. cxd3 Qd7 25. Ra3 Nd5 26. Nc4 Qh3 27. Rfa1 Nb4
28. Nxe5 Re8 29. d4 Nc6 30. Rxa6 Rac8 31. Rxc6 1-0

[Event "IX EICC"]
[Site "Plovdiv BUL"]
[Date "2008.05.01"]
[Round "10"]
[White "Volokitin, And"]
[Black "Papaioannou, I."]
[Result "0-1"]
[WhiteElo "2684"]
[BlackElo "2566"]
[PlyCount "80"]
[EventDate "2008.04.21"]
[SourceDate "1999.07.01"]

1. e4 c5 2. Nf3 d6 3. d4 cxd4 4. Nxd4 Nf6 5. Nc3 a6 6. Bg5 e6 7. f4 Qc7 8. Qf3
b5 9. Bxf6 gxf6 10. O-O-O b4 11. Nce2 h5 12. Ng3 h4 13. Nh5 Nd7 14. Qg4 Bb7 15.
Nxe6 fxe6 16. Qxe6+ Be7 17. e5 fxe5 18. fxe5 O-O-O 19. exd6 Bg5+ 20. Kb1 Qc5
21. Qg4 h3 22. Ng7 Rh4 23. Qg3 Qe5 24. Qxe5 Nxe5 25. Rg1 Rh7 26. Nf5 Rf7 27. g4
Nf3 28. Rg3 Bf4 29. Rxh3 Nd2+ 30. Ka1 Nxf1 31. Rb3 Nxh2 32. Rxb4 Nxg4 33. Rxf4
Ne3 34. Nxe3 Rxf4 35. c4 Re4 36. Rd3 Rg8 37. Nd1 Rxc4 38. b3 Rc2 39. Kb1 Rh2
40. Rc3+ Kd8 0-1

[Event "IX EICC"]
[Site "Plovdiv BUL"]
[Date "2008.05.02"]
[Round "11"]
[White "Smirin, I."]
[Black "Belov, Vl"]
[Result "1-0"]
[WhiteElo "2630"]
[BlackElo "2571"]
[PlyCount "79"]
[EventDate "2008.04.21"]
[SourceDate "1999.07.01"]

1. e4 c5 2. Nf3 d6 3. d4 cxd4 4. Nxd4 Nf6 5. Nc3 a6 6. g3 g6 7. Bg2 Bg7 8. O-O
O-O 9. Re1 Bd7 10. a4 Nc6 11. Nb3 Ne5 12. h3 Rc8 13. a5 Nc4 14. Ra2 e6 15. e5
Nxe5 16. Qxd6 Ne8 17. Qd1 Bc6 18. Qxd8 Rxd8 19. Bg5 Rd7 20. Ne4 Bxe4 21. Bxe4
Nd6 22. Bg2 Rc8 23. Bf4 Nec4 24. Rd1 Kf8 25. c3 e5 26. Bc1 f5 27. Ra4 e4 28. f3
e3 29. Rxc4 Rxc4 30. Bxe3 Ke8 31. Nc5 Re7 32. Bf2 Nb5 33. Bf1 Nxc3 34. bxc3
Rxc3 35. Rb1 Rxf3 36. Nxb7 Be5 37. Kg2 Ra3 38. Bxa6 Ra2 39. Kf1 Rc7 40. Re1 1-0

[Event "IX EICC"]
[Site "Plovdiv BUL"]
[Date "2008.05.02"]
[Round "11"]
[White "Asrian, K."]
[Black "Mista, A."]
[Result "1/2-1/2"]
[WhiteElo "2630"]
[BlackElo "2537"]
[PlyCount "45"]
[EventDate "2008.04.21"]
[SourceDate "1999.07.01"]

1. e4 c5 2. Nf3 d6 3. d4 Nf6 4. Nc3 cxd4 5. Nxd4 a6 6. Be2 e5 7. Nb3 Be7 8. Bg5
Be6 9. Bxf6 Bxf6 10. Qd3 Nc6 11. O-O-O Qb6 12. Qxd6 Qxf2 13. Bh5 g6 14. Rhf1
Qe3+ 15. Kb1 Be7 16. Nd5 Bxd5 17. Qxd5 O-O 18. Bg4 h5 19. Bd7 Rad8 20. Qc4 Nd4
21. Qd5 Nc6 22. Qc4 Nd4 23. Qd5 1/2-1/2

[Event "IX EICC"]
[Site "Plovdiv BUL"]
[Date "2008.05.02"]
[Round "11"]
[White "Kokarev, Dm"]
[Black "Naumann, A."]
[Result "1/2-1/2"]
[WhiteElo "2579"]
[BlackElo "2523"]
[PlyCount "27"]
[EventDate "2008.04.21"]
[SourceDate "1999.07.01"]

1. e4 c5 2. Nf3 d6 3. d4 cxd4 4. Nxd4 Nf6 5. Nc3 a6 6. Be2 e5 7. Nb3 Be7 8. Bg5
Be6 9. Bxf6 Bxf6 10. Qd3 Nc6 11. O-O-O Qb6 12. Rhe1 Nd4 13. Nxd4 exd4 14. Nd5
1/2-1/2

[Event "IX EICC T/B WChQual"]
[Site "Plovdiv BUL"]
[Date "2008.05.03"]
[Round "1.1"]
[White "Hracek, Z."]
[Black "Najer, E."]
[Result "0-1"]
[WhiteElo "2613"]
[BlackElo "2627"]
[PlyCount "134"]
[EventDate "2008.05.03"]
[SourceDate "1999.07.01"]

1. e4 c5 2. Nf3 d6 3. d4 cxd4 4. Nxd4 Nf6 5. Nc3 a6 6. Bc4 e6 7. Bb3 b5 8. O-O
Be7 9. Qf3 Qb6 10. Be3 Qb7 11. Qg3 Bd7 12. f3 O-O 13. a4 b4 14. Nce2 Kh8 15.
Rfd1 Nc6 16. Nxc6 Bxc6 17. Nd4 Bd7 18. Rd2 Qc7 19. Rad1 Qa5 20. Qf2 Qc7 21. Ne2
h6 22. Nf4 Rab8 23. Nd3 Rfd8 24. Bd4 e5 25. Ba7 Rb7 26. Be3 Be6 27. Bxe6 fxe6
28. b3 Rbb8 29. Qg3 Kh7 30. Qh3 Qc8 31. a5 Rb5 32. Bb6 Re8 33. Qg3 Qc3 34. Qh3
Qc8 35. Qg3 Nd7 36. Be3 Qb7 37. Nb2 d5 38. Nc4 d4 39. Bf2 Rf8 40. Qh3 Qc6 41.
Bh4 Bxh4 42. Qxh4 Qc5 43. Kh1 Nb8 44. Qg4 Qe7 45. Qg3 Nc6 46. Ra1 Qc5 47. Qg4
Rf6 48. Qg3 Nxa5 49. Nxa5 Rxa5 50. Rxa5 Qxa5 51. h4 Qa1+ 52. Kh2 Qa5 53. Rd1
Qc5 54. Qf2 Rf7 55. Ra1 a5 56. Qe2 Rf4 57. g3 Rf8 58. Ra2 Qb6 59. Kg2 Rc8 60.
h5 Rc3 61. Qd2 Qc7 62. Qe2 a4 63. bxa4 d3 64. cxd3 b3 65. Rd2 Rc2 66. a5 Rxd2
67. Qxd2 Qc2 0-1

[Event "IX EICC T/B WChQual"]
[Site "Plovdiv BUL"]
[Date "2008.05.03"]
[Round "1.1"]
[White "Smirin, I."]
[Black "Khismatullin, D."]
[Result "1-0"]
[WhiteElo "2630"]
[BlackElo "2584"]
[PlyCount "90"]
[EventDate "2008.05.03"]
[SourceDate "1999.07.01"]

1. e4 c5 2. Nf3 d6 3. d4 cxd4 4. Nxd4 Nf6 5. Nc3 a6 6. g3 g6 7. Bg2 Bg7 8. O-O
O-O 9. Nde2 Nbd7 10. b3 Rb8 11. Bb2 b5 12. Qc1 Bb7 13. a4 b4 14. Nd5 e6 15.
Nxb4 a5 16. Nd3 Nxe4 17. Bxg7 Kxg7 18. Qe3 Nef6 19. Bxb7 Rxb7 20. Nd4 Qb6 21.
c3 Rc8 22. Rfc1 Nd5 23. Qd2 N7f6 24. Nb5 Nc7 25. c4 Na6 26. Re1 Rd7 27. Qb2 Nc5
28. Nxc5 dxc5 29. Re3 Re8 30. Qe5 Qb8 31. Qxc5 Rd2 32. h3 Red8 33. Rae1 Rd1 34.
Qe5 Rxe1+ 35. Rxe1 Qxe5 36. Rxe5 Rd1+ 37. Kg2 Nd7 38. Re3 Rb1 39. Nd6 Rb2 40.
Nb7 Kf8 41. Nxa5 Nc5 42. g4 Ke7 43. Nc6+ Kd6 44. Ne5 f6 45. Nd3 Rb1 1-0

[Event "ch-CUB"]
[Site "Santa Clara CUB"]
[Date "2008.01.16"]
[Round "9"]
[White "Corrales Jimenez, F."]
[Black "Hernandez Carmenates, Hold"]
[Result "0-1"]
[WhiteElo "2509"]
[BlackElo "2590"]
[PlyCount "70"]
[EventDate "2008.01.08"]
[SourceDate "1999.07.01"]

1. e4 c5 2. Nf3 d6 3. d4 cxd4 4. Nxd4 Nf6 5. Nc3 a6 6. Be3 e5 7. Nb3 Be6 8. Qd2
Nbd7 9. O-O-O Be7 10. f4 b5 11. Bd3 O-O 12. Kb1 Qc7 13. Nd5 Bxd5 14. exd5 Nb6
15. Bxb6 Qxb6 16. g4 Nxg4 17. Rhg1 Ne3 18. Rde1 exf4 19. Qf2 Rae8 20. h4 Bf6
21. h5 Be5 22. Rg5 h6 23. Rgg1 a5 24. Nc1 b4 25. Ne2 Nxd5 26. Qf3 Qc5 27. Qe4
f5 28. Qf3 Kh8 29. Rg6 Bf6 30. Rd1 Re3 31. Qf1 Be5 32. Qg1 f3 33. Rxh6+ gxh6
34. Qg6 Bg7 35. Rg1 Re7 0-1

[Event "IX EICC"]
[Site "Plovdiv BUL"]
[Date "2008.04.21"]
[Round "1"]
[White "Szabo, Krisz1"]
[Black "Efimenko, Z."]
[Result "0-1"]
[WhiteElo "2507"]
[BlackElo "2660"]
[PlyCount "128"]
[EventDate "2008.04.21"]
[SourceDate "1999.07.01"]

1. e4 c5 2. Nf3 d6 3. d4 cxd4 4. Nxd4 Nf6 5. Nc3 a6 6. Be3 e5 7. Nb3 Be6 8. f3
Nbd7 9. g4 Nb6 10. g5 Nh5 11. Qd2 Be7 12. O-O-O O-O 13. Rg1 Rc8 14. Kb1 g6 15.
Qf2 Nc4 16. Bxc4 Bxc4 17. Na4 Be6 18. Nb6 Rc7 19. Nd5 Bxd5 20. exd5 Qd7 21. Nd2
f5 22. gxf6 Nxf6 23. Bb6 Rcc8 24. c4 Qf5+ 25. Ka1 Nd7 26. Be3 b5 27. cxb5 axb5
28. Qe2 Rc2 29. Rc1 Rfc8 30. Rxc2 Qxc2 31. Rb1 Rb8 32. Qd1 Qd3 33. Nf1 Qxd1 34.
Rxd1 Rf8 35. Nd2 Rf5 36. a3 Kf7 37. Ne4 Rxf3 38. Bg5 Nb6 39. h4 Ke8 40. Nc3 Nc4
41. Nxb5 Bxg5 42. hxg5 Rb3 43. Nc7+ Kd7 44. Ne6 Ne3 45. Rh1 Nxd5 46. Nf8+ Ke7
47. Nxh7 e4 48. Kb1 Rf3 49. Re1 e3 50. Kc2 Nf4 51. Nf6 d5 52. Kc3 e2+ 53. Kd4
Kd6 54. Nxd5 Nxd5 55. Rxe2 Rg3 56. Ke4 Rxg5 57. Rd2 Re5+ 58. Kf3 Ke6 59. Kg4
Nf6+ 60. Kf4 Rf5+ 61. Ke3 g5 62. Rc2 g4 63. a4 Rf3+ 64. Ke2 Nd5 0-1

[Event "IX EICC"]
[Site "Plovdiv BUL"]
[Date "2008.04.22"]
[Round "2"]
[White "Nijboer, F."]
[Black "Vachier Lagrave, M."]
[Result "1/2-1/2"]
[WhiteElo "2558"]
[BlackElo "2632"]
[PlyCount "111"]
[EventDate "2008.04.21"]
[SourceDate "1999.07.01"]

1. e4 c5 2. Nf3 d6 3. d4 cxd4 4. Nxd4 Nf6 5. Nc3 a6 6. Be3 e5 7. Nb3 Be7 8. f3
Be6 9. Qd2 O-O 10. O-O-O a5 11. a4 Na6 12. g4 Nb4 13. Kb1 Rc8 14. h4 d5 15. g5
Nh5 16. exd5 Bf5 17. Na1 Ng3 18. Bh3 Bxh3 19. Rxh3 Nf5 20. f4 Bd6 21. fxe5 Bxe5
22. Bf4 Bxc3 23. Rxc3 Qd7 24. Rxc8 Rxc8 25. c3 Na6 26. h5 Nc5 27. d6 Ne6 28.
Bh2 Qxa4 29. Nc2 Qg4 30. h6 Rd8 31. hxg7 Nxg5 32. Rg1 Nf3 33. Qe2 Qe4 34. Qxe4
Nd2+ 35. Ka2 Nxe4 36. Rd1 Nexd6 37. Na3 b5 38. Nxb5 Nb7 39. Rxd8+ Nxd8 40. Nd6
Nxd6 41. Bxd6 Kxg7 42. b4 axb4 43. cxb4 Kf6 44. Kb3 Kf5 45. b5 Nb7 46. Bc7 Ke4
47. Kc3 h5 48. Kd2 Kf3 49. Ke1 Kg2 50. Ke2 h4 51. Ke3 h3 52. b6 f5 53. Bf4 Nc5
54. Bd6 Nb7 55. Bf4 Na5 56. Ke2 1/2-1/2

[Event "IX EICC"]
[Site "Plovdiv BUL"]
[Date "2008.04.22"]
[Round "2"]
[White "Zhigalko, A."]
[Black "Kovacevic, A."]
[Result "0-1"]
[WhiteElo "2545"]
[BlackElo "2616"]
[PlyCount "74"]
[EventDate "2008.04.21"]
[SourceDate "1999.07.01"]

1. e4 c5 2. Nf3 d6 3. d4 cxd4 4. Nxd4 Nf6 5. Nc3 a6 6. Be3 e5 7. Nb3 Be7 8. Qd2
O-O 9. O-O-O Ng4 10. g3 Nxe3 11. Qxe3 Nc6 12. Kb1 Be6 13. f4 Rc8 14. h4 exf4
15. gxf4 Qc7 16. Rh2 Bf6 17. Nd5 Bxd5 18. Rxd5 Rfe8 19. a3 Qe7 20. Bd3 Qc7 21.
h5 Ne7 22. Ra5 h6 23. Re2 Kf8 24. Qg3 Ra8 25. Rg2 b5 26. e5 dxe5 27. Be4 exf4
28. Qf3 Ra7 29. a4 Nc8 30. Bd3 Qe5 31. c3 Qe3 32. Rf2 Qxf3 33. Rxf3 Bd8 34.
axb5 Bxa5 35. Nxa5 axb5 36. Nc6 Rc7 37. Nb4 Re5 0-1

[Event "IX EICC"]
[Site "Plovdiv BUL"]
[Date "2008.04.22"]
[Round "2"]
[White "Djukic, Ni"]
[Black "Hracek, Z."]
[Result "0-1"]
[WhiteElo "2543"]
[BlackElo "2613"]
[PlyCount "82"]
[EventDate "2008.04.21"]
[SourceDate "1999.07.01"]

1. e4 c5 2. Nf3 d6 3. d4 cxd4 4. Nxd4 Nf6 5. Nc3 a6 6. Be3 e5 7. Nb3 Be6 8. f3
Be7 9. Qd2 O-O 10. O-O-O a5 11. Bb5 Na6 12. Qe2 a4 13. Nxa4 Nc7 14. Bb6 Qc8 15.
Bxc7 Qxc7 16. Nc3 Rxa2 17. Nxa2 Bxb3 18. Kb1 Be6 19. c4 h5 20. Nc3 g6 21. h4
Kg7 22. g3 Rc8 23. b3 Qc5 24. Na4 Qb4 25. Qb2 Ra8 26. Kc2 d5 27. cxd5 Qxb5 28.
dxe6 Qe2+ 29. Kb1 Qxf3 30. Qc3 Qxe4+ 31. Qc2 Qb4 32. Qb2 b5 33. Nc3 Ra3 34. Kc2
Qg4 35. Rhe1 Qxe6 36. Rd3 b4 37. Nb1 Ra5 38. Nd2 Qa6 39. Rxe5 Ra2 40. Nc4 Rxb2+
41. Kxb2 Ng4 0-1

[Event "IX EICC"]
[Site "Plovdiv BUL"]
[Date "2008.04.22"]
[Round "2"]
[White "Stanojoski, Z."]
[Black "Fedorchuk, S."]
[Result "1-0"]
[WhiteElo "2506"]
[BlackElo "2671"]
[PlyCount "73"]
[EventDate "2008.04.21"]
[SourceDate "1999.07.01"]

1. e4 c5 2. Nf3 d6 3. d4 cxd4 4. Nxd4 Nf6 5. Nc3 a6 6. g3 e5 7. Nde2 Be7 8. Bg2
Nbd7 9. h3 b5 10. g4 b4 11. Nd5 Nxd5 12. exd5 a5 13. O-O O-O 14. Ng3 Ba6 15.
Re1 g6 16. Bh6 Re8 17. a3 Qc7 18. axb4 axb4 19. Qd2 Reb8 20. b3 Bb7 21. Rxa8
Bxa8 22. Ra1 Nc5 23. Be3 Bd8 24. Bxc5 Qxc5 25. Ne4 Qb6 26. Ra4 Kg7 27. Bf1 Qb7
28. Bc4 Qd7 29. Ra6 Be7 30. Qe3 f5 31. Nc5 Qe8 32. Ne6+ Kh8 33. Ra7 Bb7 34. f4
Ra8 35. fxe5 Rxa7 36. Qxa7 Kg8 37. Qd4 1-0

[Event "IX EICC"]
[Site "Plovdiv BUL"]
[Date "2008.04.22"]
[Round "2"]
[White "Baramidze, D."]
[Black "Szabo, G ROM."]
[Result "0-1"]
[WhiteElo "2583"]
[BlackElo "2516"]
[PlyCount "52"]
[EventDate "2008.04.21"]
[SourceDate "1999.07.01"]

1. e4 c5 2. Nf3 d6 3. d4 cxd4 4. Nxd4 Nf6 5. Nc3 a6 6. Be3 e5 7. Nb3 Be6 8. Qd2
Be7 9. f4 b5 10. f5 Bc4 11. Bd3 Nbd7 12. a4 O-O 13. O-O Rc8 14. axb5 axb5 15.
Na5 b4 16. Nxc4 bxc3 17. bxc3 Nxe4 18. Bxe4 Rxc4 19. Qd3 Rc8 20. f6 Nxf6 21.
Rxf6 Bxf6 22. Bxh7+ Kh8 23. Qf5 Rc4 24. Bd4 g6 25. Bxg6 fxg6 26. Qxg6 Bg7 0-1

[Event "IX EICC"]
[Site "Plovdiv BUL"]
[Date "2008.04.23"]
[Round "3"]
[White "Berg, E."]
[Black "Sebag, M."]
[Result "1-0"]
[WhiteElo "2601"]
[BlackElo "2521"]
[PlyCount "77"]
[EventDate "2008.04.21"]
[SourceDate "1999.07.01"]

1. e4 c5 2. Nf3 d6 3. d4 cxd4 4. Nxd4 Nf6 5. Nc3 a6 6. Bc4 e6 7. Bb3 b5 8. O-O
Be7 9. Qf3 Qc7 10. Bg5 Nbd7 11. Rfe1 O-O 12. Qg3 Ne5 13. a3 Nc4 14. Bxc4 Qxc4
15. Rad1 Bb7 16. Re3 Nh5 17. Qg4 Bxg5 18. Qxg5 Nf6 19. Rg3 Ne8 20. Qe7 Bc8 21.
Rdd3 Qc5 22. b4 Qa7 23. Qh4 f6 24. Rh3 g6 25. Rhg3 Qf7 26. f4 Ng7 27. Rh3 h5
28. Rhf3 e5 29. fxe5 dxe5 30. Nd5 g5 31. Qf2 f5 32. Nc6 Re8 33. Qc5 Kh7 34. Nb6
Qb7 35. Rf2 Ne6 36. Qxe5 Qxb6 37. Qxf5+ Kh8 38. Qf6+ Ng7 39. Qh6+ 1-0

[Event "IX EICC"]
[Site "Plovdiv BUL"]
[Date "2008.04.23"]
[Round "3"]
[White "Belov, Vl"]
[Black "Efimenko, Z."]
[Result "0-1"]
[WhiteElo "2571"]
[BlackElo "2660"]
[PlyCount "78"]
[EventDate "2008.04.21"]
[SourceDate "1999.07.01"]

1. e4 c5 2. Nf3 d6 3. d4 cxd4 4. Nxd4 Nf6 5. Nc3 a6 6. Bg5 e6 7. f4 Nbd7 8. Qf3
Qc7 9. O-O-O b5 10. Bd3 Bb7 11. Rhe1 Qb6 12. Nb3 Rc8 13. Qh3 b4 14. Nb1 a5 15.
Qe3 Qxe3+ 16. Rxe3 a4 17. Nd4 Ng4 18. Re2 h6 19. Bh4 g5 20. fxg5 hxg5 21. Bxg5
Rxh2 22. Bb5 Rh5 23. Bd2 Rxb5 24. Nxb5 Ba6 25. Nd4 Bxe2 26. Nxe2 Nf2 27. Rf1
Nd3+ 28. Kd1 Nxb2+ 29. Kc1 a3 30. Bg5 Bg7 31. Nd2 Nc5 32. Kb1 Nca4 33. Nb3 Nc3+
34. Nxc3 Bxc3 35. Bf4 e5 36. Bg5 Rc4 37. Rf6 Rxe4 38. Rxd6 Re1+ 39. Nc1 f5 0-1

[Event "IX EICC"]
[Site "Plovdiv BUL"]
[Date "2008.04.24"]
[Round "4"]
[White "Popov, Iv RUS"]
[Black "Areshchenko, A."]
[Result "1/2-1/2"]
[WhiteElo "2594"]
[BlackElo "2650"]
[PlyCount "27"]
[EventDate "2008.04.21"]
[SourceDate "1999.07.01"]

1. e4 c5 2. Nf3 d6 3. d4 cxd4 4. Nxd4 Nf6 5. Nc3 a6 6. Be2 e5 7. Nb3 Be7 8. Bg5
Be6 9. Bxf6 Bxf6 10. Qd3 O-O 11. Rd1 Be7 12. Nd5 Bxd5 13. Qxd5 Qc7 14. O-O
1/2-1/2

[Event "IX EICC"]
[Site "Plovdiv BUL"]
[Date "2008.04.24"]
[Round "4"]
[White "Kokarev, Dm"]
[Black "Vachier Lagrave, M."]
[Result "1-0"]
[WhiteElo "2579"]
[BlackElo "2632"]
[PlyCount "85"]
[EventDate "2008.04.21"]
[SourceDate "1999.07.01"]

1. e4 c5 2. Nf3 d6 3. d4 cxd4 4. Nxd4 Nf6 5. Nc3 a6 6. Be2 e5 7. Nb3 Be7 8. Bg5
Be6 9. Bxf6 Bxf6 10. Qd3 Nc6 11. O-O-O Be7 12. Kb1 O-O 13. Nd5 a5 14. c3 a4 15.
Nd2 Bxd5 16. Qxd5 Ra5 17. Qc4 Kh8 18. Bf3 f5 19. Qe2 f4 20. Nc4 Rc5 21. Na3 b5
22. Nxb5 Qb6 23. Rd5 Rb8 24. Na3 Na5 25. Rhd1 Nc4 26. Nxc4 Rxc4 27. Qd2 Rc7 28.
Rc1 Rcb7 29. Rc2 Qa7 30. Qe2 Bd8 31. Rxd6 Qc5 32. Rd5 Qc6 33. Ka1 Be7 34. Qd1
Qc7 35. Bg4 Qb6 36. Bd7 Qa7 37. Bc6 Rc7 38. Bb5 g6 39. a3 Rcb7 40. c4 Bc5 41.
Rxe5 Bxf2 42. Rd2 Bh4 43. Red5 1-0

[Event "IX EICC"]
[Site "Plovdiv BUL"]
[Date "2008.04.25"]
[Round "5"]
[White "Mamedov, Rau"]
[Black "Kokarev, Dm"]
[Result "1-0"]
[WhiteElo "2617"]
[BlackElo "2579"]
[PlyCount "57"]
[EventDate "2008.04.21"]
[SourceDate "1999.07.01"]

1. e4 c5 2. Nf3 d6 3. d4 cxd4 4. Nxd4 Nf6 5. Nc3 a6 6. Bg5 e6 7. f4 Qb6 8. Qd3
Qxb2 9. Rb1 Qa3 10. f5 Nc6 11. fxe6 fxe6 12. Nxc6 bxc6 13. Be2 Be7 14. Bh5+ g6
15. e5 Nd5 16. Rb3 Qa5 17. Bxe7 Nxe7 18. exd6 Qxh5 19. dxe7 Qh4+ 20. g3 Qxe7
21. O-O Rf8 22. Ne4 e5 23. Nd6+ Kd8 24. Rfb1 Qe6 25. c4 Ke7 26. Rb7+ Bxb7 27.
Rxb7+ Kd8 28. Qa3 a5 29. Qc5 1-0

[Event "IX EICC"]
[Site "Plovdiv BUL"]
[Date "2008.04.25"]
[Round "5"]
[White "Kulaots, K."]
[Black "Wojtaszek, R."]
[Result "1/2-1/2"]
[WhiteElo "2530"]
[BlackElo "2625"]
[PlyCount "98"]
[EventDate "2008.04.21"]
[SourceDate "1999.07.01"]

1. e4 c5 2. Nf3 d6 3. d4 cxd4 4. Nxd4 Nf6 5. Nc3 a6 6. g3 e5 7. Nb3 Be7 8. Bg2
O-O 9. a4 Bg4 10. Bf3 Be6 11. h4 Nc6 12. Nd5 Bxd5 13. exd5 Na5 14. Nd2 Rc8 15.
b3 Qc7 16. Ra2 b5 17. axb5 axb5 18. O-O b4 19. Re1 Bd8 20. Nf1 Nb7 21. Bd2 Qb6
22. Ra4 Nc5 23. Rxb4 Qa6 24. Ne3 e4 25. Bg2 Ba5 26. Rc4 Bxd2 27. Qxd2 Ncd7 28.
Qd4 Qa5 29. Ra1 Rxc4 30. Nxc4 Qb4 31. Qd2 Qb8 32. Ra6 Re8 33. Qf4 Qb4 34. Rxd6
Ne5 35. Qd2 Qb8 36. Ra6 Nxc4 37. bxc4 e3 38. fxe3 Qxg3 39. Qf2 Qg4 40. Ra1 Qxc4
41. Rd1 Ng4 42. Qf4 Nxe3 43. Qxc4 Nxc4 44. Bf1 Nd6 45. c4 Rc8 46. Rc1 Ne4 47.
Bh3 Rc5 48. Bf5 Nf6 49. Rc2 g6 1/2-1/2

[Event "IX EICC"]
[Site "Plovdiv BUL"]
[Date "2008.04.26"]
[Round "6"]
[White "Lupulescu, C."]
[Black "Berg, E."]
[Result "1/2-1/2"]
[WhiteElo "2558"]
[BlackElo "2601"]
[PlyCount "95"]
[EventDate "2008.04.21"]
[SourceDate "1999.07.01"]

1. e4 c5 2. Nf3 d6 3. d4 cxd4 4. Nxd4 Nf6 5. Nc3 a6 6. Be3 e5 7. Nde2 Be6 8. f4
Nbd7 9. f5 Bc4 10. Ng3 Bxf1 11. Rxf1 Rc8 12. Qf3 d5 13. exd5 Bb4 14. Bd2 O-O
15. O-O-O Nb6 16. Nce4 Bxd2+ 17. Rxd2 Nc4 18. Rd3 Qb6 19. Nxf6+ gxf6 20. b3 Na3
21. Rf2 Nb5 22. Ne4 Kh8 23. Qh5 Rg8 24. Qh6 Rg7 25. Qxf6 Qa5 26. Rg3 Rcg8 27.
Rxg7 Rxg7 28. Qxe5 f6 29. Nxf6 Qa3+ 30. Kd2 Re7 31. Qb8+ Kg7 32. Qg8+ Kxf6 33.
Qf8+ Rf7 34. Qxa3 Nxa3 35. c4 b5 36. Kc3 bxc4 37. Kb4 cxb3 38. Kxa3 bxa2 39.
Rxa2 Rd7 40. Rd2 Kxf5 41. Kb4 Ke5 42. Kc5 Rc7+ 43. Kb6 Kd6 44. Rf2 Rg7 45. g3
Kxd5 46. Kxa6 Ke6 47. Kb6 h5 48. Kc5 1/2-1/2